000 01676nam a2200421 c 4500
999 _c185248
_d185248
003 BLK
005 20220225161826.0
008 180411b bul|||||r ||||||| ||bul||
010 _aKNG00194241000
020 _a978-954-8633-94-9
040 _aBLK
041 _aBUL
_cBUL
072 7 _2bullib
_aН8400
_xБългарска поезия Н
072 7 _2bullib
_aРА
_xРусенски автори
072 7 _2bullib
_aК
_xКраезнание
080 _aБългарска литература
_b821.163.2
_x-1
_z821.163.2-1
080 _aБългарска литература
_b821.163.2
_x-32
_z821.163.2-32
100 1 _aПенева, Николина
_eпърви автор
_gБачева, Николина Пенева
_9263308
139 _aПенева, Николина
_bП 34
245 1 0 _aНатам, където е небето
_bПоезия. Проза
_cНиколина Пенева; * Николина Пенева Бачева.
257 _aBGR
260 _bGaiana Book Art Studio
_c2016
300 _a72 с.
_c21 см
380 _aX
500 _aПълното име на авт. е Николина Пенева Бачева. - Съдържа и за авт.
653 _aстихотворения
653 _aразкази
653 _aафоризми
659 _aК
659 _aН
659 _aЯ
700 1 _aБачева, Николина Пенева
_e*
_9366534
852 _aЦб 282951
852 _aК 821.163.2/П 34 Н
856 4 _qpdf
856 4 _qpdf
942 _cKNG
_n0
_s1
944 _aCR
_c21.10.2016
_lф /
_kВиолета_Тройчева
944 _aED
_c12.12.2016
_lф /
_kЛюдмила_Стоянова
999 _d185248